Elements By Letter - S - Statistics

General Stats
  • This quiz has been taken 14 times
  • The average score is 5 of 9
Answer Stats
Picture Answer % Correct
Sulfur
100%
Silicon
92%
Silver
67%
Sodium
67%
Strontium
50%
Scandium
42%
Seaborgium
33%
Selenium
33%
Samarium
25%
No matching quizzes found
Score Distribution
Percent of People with Each Score
Percentile by Number Answered
Your Score History
You have not taken this quiz